La Tragédie spéculative de Racine (notice n° 2204345)
[ vue normale ]
| 000 -LEADER | |
|---|---|
| fixed length control field | 01473cam a2200133 4500500 |
| 005 - DATE AND TIME OF LATEST TRANSACTION | |
| control field | 20260405090316.0 |
| 041 ## - LANGUAGE CODE | |
| Language code of text/sound track or separate title | fre |
| 042 ## - AUTHENTICATION CODE | |
| Authentication code | dc |
| 100 10 - MAIN ENTRY--PERSONAL NAME | |
| Personal name | Cavallin, Jean-Christophe |
| Relator term | author |
| 245 00 - TITLE STATEMENT | |
| Title | La Tragédie spéculative de Racine |
| 260 ## - PUBLICATION, DISTRIBUTION, ETC. | |
| Name of publisher, distributor, etc. | Hermann,<br/> |
| Date of publication, distribution, etc. | 2014.<br/> |
| 520 ## - SUMMARY, ETC. | |
| Summary, etc. | Racine, le « Divin Sot », ne composa jamais d’ouvrages théoriques. Peut-on en conclure pour autant qu’il n’existe pas de théorie racinienne du genre tragique ? L’hypothèse de ce livre est que l’émule d’Euripide spéculait per actiones comme son grand modèle antique et ne cessa jamais d’écrire « la tragédie des tragédies ». Ses héros personnifient des styles et des idées ; ses intrigues sont des périphrases de débats spéculatifs et de conflits d’archétype ; le noeud, l’agôn et la conduite de ses tragédies successives allégorisent les querelles qui se succèdent au XVIIe siècle autour du modèle tragique : querelle des cornéliens et des « doucereux », querelle des règles, querelle des anciens et des modernes, querelle des dévôts ou « des Visionnaires ». D’Andromaque à Iphigénie et de Bérénice à Phèdre, Racine s’avance caché sous le masque de ses héros et sous le voile de ses intrigues. Ce sont ses argumentations que cet ouvrage déchiffre sous l’argument des tragédies. |
| 856 41 - ELECTRONIC LOCATION AND ACCESS | |
| Uniform Resource Identifier | <a href="https://shs.cairn.info/la-tragedie-speculative-de-racine--9782705688219?lang=fr&redirect-ssocas=7080">https://shs.cairn.info/la-tragedie-speculative-de-racine--9782705688219?lang=fr&redirect-ssocas=7080</a> |
Pas d'exemplaire disponible.




Réseaux sociaux